00000000nam##2200000za#4500
0019.699306
003CaOODSP
00520210625000324
007cr |||||||||||
008150407|1981||||xxc|||||o    f|0| 0 eng|d
040 |aCaOODSP|beng
043 |an-cn---
0861 |aA53-1534/1981E-PDF
1101 |aCanada.|bAgriculture Canada.|bResearch Branch.
24510|aCanada animal manure management guide / |h[electronic resource]|crevised by the Animal Manure Management Committee under the authority of the Canada Committee on Agriculural Engineering Services.
260 |aOttawa - Ontario : |bAgriculture Canada. |cRevised 1980, reprinted 1981.
300 |a44p.|bfigs., graph, tables
500 |aHistorical publication digitized by Agriculture and Agri-Food Canada. "A federal/provincial publication"--p. 3 of 44.
590 |a14-11-Supp|b2014-05-21
69007|aManure|2gcpds
77508|tGuide canadien d'utilisation des fumiers / |w(CaOODSP)9.643286
85640|ahttp://publications.gc.ca|qPDF|s2.6 MB|uhttps://publications.gc.ca/collections/collection_2014/aac-aafc/agrhist/A53-1534-1981-eng.pdf
986 |a1534